LEADER 00957nam0-2200301 --450 001 9910511107903321 005 20211214162257.0 010 $a978-88-94805-12-3 100 $a20211214d2017----kmuy0itay5050 ba 101 0 $aita 102 $aIT 105 $ay 001yy 200 1 $aDiritto, teologia e politica nella prima età moderna$eJohannes Althusius (1563-1638)$fLucia Bianchin 210 $aFoligno$cIl formichiere$d2017 215 $a201 p.$d22 cm 225 1 $aPiccola biblioteca del pensiero giuridico 320 $aContiene bibl. (pp. 167-194) 610 0 $aAlthusius, Johannes$aPensiero politico 610 0 $aStato$aTeorie 676 $a320.101$v20$zita 700 1$aBianchin,$bLucia$0320473 801 0$aIT$bUNINA$gREICAT$2UNIMARC 901 $aBK 912 $a9910511107903321 952 $aII A 415$b1163/2021$fFSPBC 959 $aFSPBC 996 $aDiritto, teologia e politica nella prima età moderna$91500497 997 $aUNINA